Statistics for every country in geoguessr

Click here to take the quiz!

General Stats

  • This quiz has been taken 40 times
  • The average score is 17 of 102

Answer Stats

Answer% Correct
Tunisia
72%
India
48%
Romania
48%
Macau
44%
Jordan
40%
Sweden
40%
Uruguay
40%
Egypt
36%
Monaco
36%
USA
36%
Germany
32%
Nepal
32%
Sri Lanka
32%
Bangladesh
28%
Canada
28%
Greenland
28%
Denmark
24%
Ghana
24%
Iceland
24%
Laos
24%
Mongolia
24%
Norway
24%
Singapore
24%
South Korea
24%
Taiwan
24%
Albania
20%
Austria
20%
Bhutan
20%
Finland
20%
Greece
20%
Israel
20%
Italy
20%
Japan
20%
Netherlands
20%
Qatar
20%
Spain
20%
Switzerland
20%
Andorra
16%
Australia
16%
Cambodia
16%
Colombia
16%
Faroe Island
16%
France
16%
Hungary
16%
Kenya
16%
Mexico
16%
New Zealand
16%
Philippines
16%
Senegal
16%
Serbia
16%
Thailand
16%
Argentina
12%
Belgium
12%
Brazil
12%
Bulgaria
12%
Ecuador
12%
Eswatini
12%
Hong Kong
12%
Indonesia
12%
Lithuania
12%
Nigeria
12%
Palestina
12%
Peru
12%
Poland
12%
Portugal
12%
Russia
12%
Rwanda
12%
San Marino
12%
Turkey
12%
UAE
12%
Ukraine
12%
Virgin Islands
12%
Bolivia
8%
Botswana
8%
Chile
8%
Dominican Republic
8%
Estonia
8%
Ireland
8%
Kyrgyzstan
8%
Madagascar
8%
Malaysia
8%
Malta
8%
NMI/Guam
8%
Reunion
8%
Slovakia
8%
Slovenia
8%
Uganda
8%
UK
8%
Belarus
4%
Bermuda
4%
Croatia
4%
Czechia
4%
Guatemala
4%
Latvia
4%
Lebanon
4%
Lesotho
4%
Montenegro
4%
North Macedonia
4%
Puerto Rico
4%
South Africa
4%
Curaçao
0%
Luxembourg
0%

Score Distribution

Percentile by Number Answered

Percent of People with Each Score

Your Score History

You have not taken this quiz